|
|
|
|
| LEADER |
03400nam a2200433 i 4500 |
| 001 |
44628 |
| 003 |
BD-DhAAL |
| 005 |
20250828152750.0 |
| 008 |
220817t2022 enka b 001 0 eng d |
| 010 |
|
|
|a 2021939165
|
| 015 |
|
|
|a GBC1F2457
|2 bnb
|
| 016 |
7 |
|
|a 020326096
|2 Uk
|
| 020 |
|
|
|a 9780192895585
|
| 020 |
|
|
|a 0192895583
|
| 035 |
|
|
|a 22035571
|
| 035 |
|
|
|a (OCoLC)1258072351
|
| 040 |
|
|
|a YDX
|b eng
|c YDX
|e rda
|d BDX
|d UKMGB
|d OCLCO
|d OCLCF
|d IPS
|d OCLCO
|d DLC
|d BD-DhAAL
|
| 042 |
|
|
|a lccopycat
|
| 050 |
0 |
0 |
|a QC174.17.S76
|b S775 2022
|
| 082 |
0 |
4 |
|a 536.7
|2 23
|
| 100 |
1 |
|
|a Strasberg, Philipp.
|9 59101
|
| 245 |
1 |
0 |
|a Quantum stochastic thermodynamics :
|b foundations and selected applications /
|c Philipp Strasberg.
|
| 260 |
|
|
|a Oxford, United Kingdom :
|b Oxford University Press,
|c 2022.
|
| 300 |
|
|
|a xiv, 318 pages :
|b illustrations (some color) ;
|c 25 cm
|
| 490 |
0 |
|
|a Oxford graduate texts
|
| 504 |
|
|
|a Includes bibliographical references and index.
|
| 505 |
0 |
|
|a Quantum Stochastic Processes -- Classical Stochastic Thermodynamics -- Quantum Thermodynamics Without Measurements -- Quantum Fluctuation Theorems -- Operational Quantum Stochastic Thermodynamics.
|
| 520 |
|
|
|a The theory of thermodynamics has been one of the bedrocks of 19th-century physics, and thermodynamic problems have inspired Planck's quantum hypothesis. One hundred years later, in an era where we design increasingly sophisticated nanotechnologies, researchers in quantum physics have been'returning to their roots', attempting to reconcile modern nanoscale devices with the theory of thermodynamics. This textbook explains how it is possible to unify the two opposite pictures of microscopic quantum physics and macroscopic thermodynamics in one consistent framework, proving that theancient theory of thermodynamics still offers many remarkable insights into present-day problems.This textbook focuses on the microscopic derivation and understanding of key principles and concepts and their interrelation. The topics covered in this book include (quantum) stochastic processes, (quantum) master equations, local detailed balance, classical stochastic thermodynamics, (quantum)fluctuation theorems, strong coupling and non-Markovian effects, thermodynamic uncertainty relations, operational approaches, Maxwell's demon, and time-reversal symmetry, among other topics. The textbook also explores several practical applications of the theory in more detail, including single-molecule pulling experiments, quantum transport and thermoelectric effects in quantum dots, the micromaser, and related setups in quantum optics.--
|
| 526 |
|
|
|a CSE
|x Sowmitra Das
Senior Lecturer
Department of Computer Science and Engineering
Course name : Quantum Computing II (CSE 482).
|
| 541 |
|
|
|a Trim education
|e 44628
|
| 650 |
|
0 |
|a Thermodynamics.
|
| 650 |
|
0 |
|a Quantum theory.
|
| 650 |
|
0 |
|a Stochastic processes.
|
| 650 |
|
0 |
|a Nanotechnology.
|9 3338
|
| 650 |
|
2 |
|a Stochastic Processes.
|
| 830 |
|
0 |
|a Oxford graduate texts.
|9 59105
|
| 942 |
|
|
|2 ddc
|c BK
|
| 999 |
|
|
|c 46988
|d 46988
|
| 952 |
|
|
|0 0
|1 0
|2 ddc
|4 0
|6 536_700000000000000_STR
|7 0
|9 77995
|a BRACUL
|b BRACUL
|c GEN
|d 2025-08-11
|e Trim Education
|g 6080.00
|l 1
|m 10
|o 536.7 STR
|p 3010044628
|r 2026-04-07
|s 2025-12-03
|t 1
|v 12160.00
|w 2025-08-11
|y BK
|x Requisitioned by Sowmitra Das, (Senior Lecturer, Department of Computer Science and Engineering) for the course named- Quantum Computing II (CSE 482)"
|